000 00609nam a22002177a 4500
003 OSt
005 20171205150332.0
008 171205b xxu||||| |||| 00| 0 eng d
020 _a9780702062254
040 _cDNLM
082 _aWB275 T544a 2016
100 _aTixa, Serge
_9287
245 _aAtlas of Surface Palpation: anatomy of the neck, trunk, upper and lower limbs
250 _a3rd ed.
260 _aEdinburgh; Elservier, 2016
300 _axi,541p; col.ill: 27cm
504 _aAppendix, glossary, & index included
650 _aPalpation
_912274
650 _aAnatomy
_9124
942 _2z
_cB_BANK
999 _c5900
_d5900